000 00600nam a2200241Ia 4500
003 OSt
005 20220918202214.0
006 a|||||r|||| 00| 0
007 ta
008 220917b |||||||| |||| 00| 0 eng d
024 _a99,527
037 _cTextual
040 _aARTS
_cARTS
_beng
041 _2eng
_aeng
082 _aV2:4wM03, B1-1-.2 (+)
100 _aGoldsmid F J
_9102735
245 0 _aJames Outram
_b a biography
250 _a2nd
260 _c1881
650 _aHISTORY
942 _hV2:4wM03, B1-1-.2 (+)
_cTEXL
_2CC
999 _c223103
_d223103